Sustainable tourism dialogues in Africa (Record no. 1435555)

MARC details
000 -LEADER
fixed length control field 00890 a2200265 4500
005 - DATE AND TIME OF LATEST TRANSACTION
control field 20251205171647.0
008 - FIXED-LENGTH DATA ELEMENTS--GENERAL INFORMATION
fixed length control field 251205b |||||||| |||| 00| 0 eng d
020 ## - INTERNATIONAL STANDARD BOOK NUMBER
International Standard Book Number 9783111355658 (pbk)
037 ## - SOURCE OF ACQUISITION
Terms of availability TB
040 ## - CATALOGING SOURCE
Original cataloging agency AL
Transcribing agency AL
041 ## - LANGUAGE CODE
Source of code eng
Language code of text/sound track or separate title eng
084 ## - COLON CLASSIFICATION NUMBER
Classification number U8(X:77).6 R3
Assigning agency AL
245 ## - TITLE STATEMENT
Title Sustainable tourism dialogues in Africa
260 ## - PUBLICATION, DISTRIBUTION, ETC.
Place of publication, distribution, etc. Berlin, Germany:
Name of publisher, distributor, etc. De Gruyter,
Date of publication, distribution, etc. 2023.
300 ## - PHYSICAL DESCRIPTION
Extent xvi, 415p.
365 ## - TRADE PRICE
Price amount 29.95
Currency code EURO
650 ## - SUBJECT ADDED ENTRY--TOPICAL TERM
Topical term or geographic name entry element Tourism
9 (RLIN) 855022
650 ## - SUBJECT ADDED ENTRY--TOPICAL TERM
Topical term or geographic name entry element Economics
9 (RLIN) 855023
650 ## - SUBJECT ADDED ENTRY--TOPICAL TERM
Topical term or geographic name entry element Sustainable
9 (RLIN) 855024
650 ## - SUBJECT ADDED ENTRY--TOPICAL TERM
Topical term or geographic name entry element Development
9 (RLIN) 855025
700 ## - ADDED ENTRY--PERSONAL NAME
Personal name Kepher - Gona, Judy
Relator term editor.
9 (RLIN) 855026
700 ## - ADDED ENTRY--PERSONAL NAME
Personal name Atieno, Lucy
Relator term editor.
9 (RLIN) 855027
942 ## - ADDED ENTRY ELEMENTS (KOHA)
Koha item type Textbook
Source of classification or shelving scheme Colon Classification (CC)
Suppress in OPAC No
Classification part U8(X:77).6 R3
Holdings
Withdrawn status Lost status Source of classification or shelving scheme Damaged status Not for loan Home library Current library Date acquired Source of acquisition Cost, normal purchase price Inventory number Total Checkouts Full call number Barcode Date last seen Cost, replacement price Price effective from Koha item type
    Colon Classification (CC)     Arts Library Arts Library 2025-10-21 4/ Classic Book Service 2484.66 056 & 2025-10-07   U8(X:77).6 R3 AL1804876 2025-10-21 3105.82 2025-10-21 Textbook
Copyright @ Delhi University Library System